| 000 | 01040nam a2200313 i 4500 | ||
|---|---|---|---|
| 003 | EG-GICUC | ||
| 005 | 20260225102024.0 | ||
| 008 | 260225s1951 -ukab fr|||| 001 0 eng d | ||
| 040 |
_aEG-GiCUC _beng _cEG-GiCUC _dEG-GiCUC _erda |
||
| 041 | 0 | _aeng | |
| 082 | 0 | 4 |
_221 _a341.71 _bNE |
| 092 | 0 | 4 | _221 |
| 099 | _aLaw1 11 341.71 NE 1951 | ||
| 100 | 1 |
_aLeach, E. R _eAuthor. |
|
| 245 | 0 | 4 |
_aThe Near East And The Great Powers / _cWith An Introduction By Ralph Bunche; Edited By Richard N. Frye. |
| 264 | 3 |
_aCambridge : _bHarvard University Press, _c1951. |
|
| 300 |
_a214 pages, _c24 cm |
||
| 336 |
_2rda content _atext |
||
| 337 |
_2rda media _aComputer |
||
| 338 |
_2rda carrier _aOnline Resource |
||
| 500 | _aIncludes bibliographical references and index. | ||
| 546 | _aText in English | ||
| 650 | 1 | 4 | _a Private international law |
| 700 | 1 |
_aBunche , Ralph _epresenter |
|
| 700 | 1 |
_aFrye, Richard N _eeditor. |
|
| 856 | 4 | 0 | _uhttps://fll.law.cu.edu.eg/fulltext/bks/B11-08329.pdf |
| 905 | _a48 | ||
| 942 |
_2ddc _cBK _e21 _n0 |
||
| 999 |
_c64176 _d64176 |
||